000
00277nam a2200109Ia 4500
005
20251222155104.0
008
251222s9999||||xx |||||||||||||| ||spa||
082
_a
ETI. 14
100
_a
INTERDONATO.
245
0
_a
El Problema del Aborto, y los Casos del Aborto
942
_c
LIB
999
_c
37797
_d
37797